000
00324nam a2200133Ia 4500
008
220216s9999 xx 000 0 und d
100
_a
Majumdar S
245
0
_a
Butyl inner tube compounding
260
_b
Rubber Chem Review
_c
1997
300
_a
17-36
650
_a
Butyl inner tube
650
_a
Butyl rubber
942
_c
JS
999
_c
55026
_d
55026